000 00693nam a22002297a 4500
999 _c131307
_d131307
005 20181218122216.0
010 _aA-680595
020 _c00.00
_a0863113842
035 _aA-680595
037 _bCen Lib/Ret
082 _a954.11
_bPUR
100 _aPuri, Balraj
245 _aKashmir towards insurgency /
_cby Balraj Puri
260 _bOrient Longman
_aNew Delhi
_c1993
270 _a1/24 Asaf Ali Road
_bNew Delhi
_e110002
300 _aviii,107p.
_c20cm(Hb)
500 _aIncludes bibliographical references
650 _aJammu and Kashmir (India) -- Politics and government
650 _aPolitics and government
942 _2ddc
_cEN
_h954.11
_mPUR